000 00484nam a2200169Ia 4500
008 230917s9999||||xx |||||||||||||| ||und||
020 _cRS2295
040 _e234973
_aMAIN
041 _aEnglish
082 _a660.60243637 G959E
100 _aGupta, Rajan Kumar, ed.
245 0 _aEnvironmental biotechnology: A new approach
260 _aNew Delhi
_bAstral International
_c2016
300 _axv, 398 p.
500 _a2397 05/10/2016 HBD16/6709 10/11/2016 UIET (SFS)
942 _cBK
999 _c19292
_d19292